[Event "World Rapid 2022"]
[Site "Almaty KAZ"]
[Date "2022.12.26"]
[Round "4.84"]
[White "Suyarov, Mukhammadzokhid"]
[Black "Nogerbek, Kazybek"]
[Result "0-1"]
[WhiteTitle "FM"]
[BlackTitle "IM"]
[WhiteElo "2299"]
[BlackElo "2468"]
[WhiteFideId "14210495"]
[BlackFideId "13710427"]
[EventDate "2022.12.26"]

1. d4 g6 2. Nc3 Bg7 3. e4 d6 4. f4 Nf6 5. Bd3 O-O 6. Nf3 Bg4 7. Be3 e5 8. h3
Bxf3 9. Qxf3 Nc6 10. dxe5 dxe5 11. O-O-O exf4 12. Qxf4 Qe7 13. g4 Ne5 14. Be2 c6
15. h4 b5 16. h5 Rfd8 17. hxg6 Rxd1+ 18. Rxd1 hxg6 19. g5 Nfd7 20. Qh2 Nb6 21.
Qg1 Ned7 22. Bd3 Bxc3 23. bxc3 Qa3+ 24. Kd2 Ne5 25. Ke2 Na4 26. Bd4 Nxc3+ 27.
Bxc3 Qxc3 28. Qh2 Rd8 29. Qf2 Qd4 0-1

[Event "World Rapid 2022"]
[Site "Almaty KAZ"]
[Date "2022.12.26"]
[Round "4.85"]
[White "Nurgaliyev, Sauat"]
[Black "Zhalmakhanov, Ramazan"]
[Result "0-1"]
[WhiteTitle "CM"]
[BlackTitle "IM"]
[WhiteElo "2150"]
[BlackElo "2401"]
[WhiteFideId "13726285"]
[BlackFideId "13706357"]
[EventDate "2022.12.26"]

1. e4 c5 2. Nf3 Nc6 3. d4 cxd4 4. Nxd4 g6 5. Nc3 Bg7 6. Be3 Nf6 7. Bc4 O-O 8.
Bb3 Re8 9. f3 e6 10. Qd2 d5 11. exd5 Nxd5 12. Nxd5 exd5 13. O-O-O a5 14. Nb5 a4
15. Bxd5 a3 16. Nd6 Qf6 17. c3 axb2+ 18. Kxb2 Rd8 19. Ne4 Qe7 20. Bc5 Qc7 21.
Nd6 Ne5 22. Qf2 Be6 23. Bb3 Bxb3 24. Kxb3 Qa5 25. a3 Qa4+ 26. Ka2 Nc4 27. Qe2
Nxa3 28. Kb2 Rxd6 29. Ra1 0-1

[Event "World Rapid 2022"]
[Site "Almaty KAZ"]
[Date "2022.12.26"]
[Round "4.86"]
[White "Uruci, Endrit"]
[Black "Zverev, Lev"]
[Result "0-1"]
[WhiteTitle "FM"]
[BlackTitle "FM"]
[WhiteElo "2297"]
[BlackElo "2310"]
[WhiteFideId "22100199"]
[BlackFideId "24250775"]
[EventDate "2022.12.26"]

1. e4 e5 2. Nf3 Nc6 3. Bb5 a6 4. Bxc6 dxc6 5. d3 f6 6. O-O c5 7. Be3 Bd6 8. Nc3
Be6 9. Nd2 Qd7 10. f4 exf4 11. Bxf4 Bxf4 12. Rxf4 Ne7 13. Qh5+ Ng6 14. Rf2 b6
15. a4 a5 16. Re1 c6 17. h3 O-O 18. Nf3 Rad8 19. b3 Bf7 20. Qf5 Qd6 21. Ne2 Rfe8
22. Qg4 b5 23. Ra1 Ne5 24. Qg3 Nxf3+ 25. gxf3 Qxg3+ 26. Nxg3 c4 27. axb5 cxb5
28. dxc4 bxc4 29. bxc4 Re5 30. Ra4 Rd4 31. Nf5 Rxc4 32. Rxc4 Bxc4 33. Rd2 g6 34.
Rd8+ Kf7 35. Nh6+ Ke7 36. Ra8 f5 37. exf5 gxf5 38. Ra7+ Kf6 39. Rc7 Be6 40. f4
Re4 41. Rc6 Kg7 42. Nxf5+ Bxf5 43. Rc5 Rxf4 44. Rxa5 Bxc2 45. Kg2 Kg6 46. Kg3
Rf6 47. Re5 Bf5 48. Rc5 Rd6 49. h4 Rd3+ 50. Kf4 Rd4+ 51. Kg3 Rg4+ 52. Kh2 Rxh4+
53. Kg3 Re4 54. Ra5 h5 55. Ra8 h4+ 56. Kg2 Re2+ 57. Kg1 Kg5 58. Rg8+ Kf4 59. Rf8
h3 0-1

[Event "World Rapid 2022"]
[Site "Almaty KAZ"]
[Date "2022.12.26"]
[Round "4.87"]
[White "Abdilkhair, Abilmansur"]
[Black "Gurel, Ediz"]
[Result "0-1"]
[WhiteTitle "FM"]
[BlackTitle "IM"]
[WhiteElo "2278"]
[BlackElo "2454"]
[WhiteFideId "13716417"]
[BlackFideId "44507356"]
[EventDate "2022.12.26"]

1. e4 c5 2. Nf3 e6 3. d4 cxd4 4. Nxd4 Nc6 5. Nc3 Qc7 6. g3 a6 7. Bg2 Nf6 8. O-O
Be7 9. Re1 O-O 10. Be3 Ne5 11. Bf4 d6 12. Nf3 b5 13. a3 Bb7 14. Nxe5 dxe5 15.
Be3 b4 16. axb4 Bxb4 17. Bg5 Be7 18. Qe2 h6 19. Bd2 Rfd8 20. Red1 Bb4 21. Be1
Rdc8 22. Rac1 Bc6 23. Nd5 exd5 24. exd5 Bb5 25. c4 Bxc4 26. Qe3 Qd6 27. Bxb4
Qxb4 28. Qxe5 Bb3 29. Qf5 Rxc1 30. Rxc1 Re8 31. h3 Ba4 32. Rc8 Qd6 33. Rxe8+
Bxe8 34. Qc8 Qe5 35. Qxa6 Qxb2 36. Qd3 Qe5 37. Kh2 Bd7 38. Qa3 g6 39. Qc1 Kg7
40. Qc4 Bf5 41. Qc7 0-1

[Event "World Rapid 2022"]
[Site "Almaty KAZ"]
[Date "2022.12.26"]
[Round "4.88"]
[White "Begmuratov, Khumoyun"]
[Black "Postlmayer, Jakob"]
[Result "1/2-1/2"]
[WhiteTitle "FM"]
[BlackTitle "FM"]
[WhiteElo "2399"]
[BlackElo "2314"]
[WhiteFideId "14210207"]
[BlackFideId "1643622"]
[EventDate "2022.12.26"]

1. e4 e5 2. Nf3 Nf6 3. Nc3 Nc6 4. d4 exd4 5. Nxd4 Bb4 6. Nxc6 bxc6 7. Bd3 O-O 8.
O-O d5 9. exd5 Bg4 10. Be2 Bxe2 11. Nxe2 cxd5 12. Ng3 Re8 13. Bg5 c6 14. Qd4 Be7
15. Nf5 Qd7 16. Qf4 Bd8 17. Rfe1 Re6 18. Nd4 Rxe1+ 19. Rxe1 Ne4 20. Bxd8 Rxd8
21. Nf5 g6 22. Nh6+ Kg7 23. Ng4 Qd6 24. Qxd6 Rxd6 25. f3 Nc5 26. Kf2 h5 27. Ne3
Ne6 28. Rd1 Kf6 29. g3 Ke7 30. Rd3 Rd7 31. b4 Rb7 32. a3 a5 33. c3 axb4 34. cxb4
Ra7 35. Ke2 f5 36. f4 h4 37. Kd2 hxg3 38. hxg3 Nc7 39. Kc2 Nb5 40. Kb2 Kf6 41.
Nc2 Nd6 42. Kb3 Nc4 43. a4 g5 44. fxg5+ Kxg5 45. a5 Nxa5+ 46. bxa5 Rxa5 47. Kc3
f4 48. gxf4+ Kxf4 49. Rd1 Ke5 50. Rh1 Rc5+ 51. Kd3 Kd6 52. Rh6+ Kd7 53. Nd4 Rc4
54. Ke3 Kc7 55. Rh1 Kd7 56. Ra1 Kd6 57. Kd3 Kc5 58. Ra5+ Kb6 59. Ra8 Kc5 60.
Nb3+ Kb6 61. Nd2 Rh4 62. Kc3 Rh3+ 63. Kc2 Kb7 64. Rf8 Kb6 65. Nf3 c5 66. Kd2 Kb5
67. Rf4 Rg3 68. Ke3 Rh3 69. Rf5 Kc4 70. Kd2 Rg3 71. Rf4+ d4 72. Ne1 Rh3 73. Nf3
Rg3 74. Ne5+ Kd5 75. Nd3 c4 76. Nb4+ Kc5 77. Nc2 c3+ 78. Kd1 d3 79. Rf5+ Kc4 80.
Rf4+ Kc5 81. Rf5+ Kb6 82. Rf6+ Kc7 83. Rf1 dxc2+ 84. Kxc2 Kc6 85. Rf5 1/2-1/2

[Event "World Rapid 2022"]
[Site "Almaty KAZ"]
[Date "2022.12.26"]
[Round "4.89"]
[White "Shishkov, Andrei"]
[Black "Amangeldy, Ernur"]
[Result "0-1"]
[WhiteTitle "IM"]
[WhiteElo "2340"]
[BlackElo "2097"]
[WhiteFideId "4500563"]
[BlackFideId "13720244"]
[EventDate "2022.12.26"]

1. d4 d5 2. c4 c6 3. e3 Nf6 4. Nc3 e6 5. b3 Bb4 6. Bb2 Ne4 7. Ne2 O-O 8. a3 Nxc3
9. Nxc3 Bd6 10. Bd3 Nd7 11. O-O Qe7 12. e4 dxc4 13. Bxc4 e5 14. d5 Nb6 15. dxc6
Nxc4 16. Nd5 Qg5 17. bxc4 bxc6 18. Ne3 Bc5 19. Re1 Be6 20. Qf3 Rab8 21. Bc1 Qf4
22. Qxf4 exf4 23. Nf5 g5 24. h4 Bxf5 25. exf5 Bd4 26. Ra2 Rfe8 27. Kf1 0-1

[Event "World Rapid 2022"]
[Site "Almaty KAZ"]
[Date "2022.12.26"]
[Round "5.2"]
[White "Duda, Jan-Krzysztof"]
[Black "Van Foreest, Jorden"]
[Result "1/2-1/2"]
[WhiteTitle "GM"]
[BlackTitle "GM"]
[WhiteElo "2729"]
[BlackElo "2690"]
[WhiteFideId "1170546"]
[BlackFideId "1039784"]
[EventDate "2022.12.26"]

1. c4 Nf6 2. Nc3 g6 3. e4 d6 4. d4 Bg7 5. f3 O-O 6. Be3 c5 7. Nge2 Qa5 8. Qd2
Nc6 9. Rc1 Bd7 10. b3 cxd4 11. Nxd4 Nxd4 12. Bxd4 a6 13. Be2 Rfc8 14. g4 Rab8
15. g5 Nh5 16. Bxg7 Nxg7 17. Nd5 Qd8 18. h4 Bc6 19. Ne3 b5 20. Kf2 Qb6 21. Rhd1
Ne6 22. Kg3 Ng7 23. Qd4 Qa5 24. Rd2 Ne6 25. Qb2 Qc7 26. cxb5 axb5 27. Ng4 Ng7
28. Nh6+ Kf8 29. f4 Qb6 30. Qd4 Qxd4 31. Rxd4 Bd7 32. Rxc8+ Rxc8 33. Rb4 Ne6 34.
Bxb5 Rb8 35. a4 Nc7 36. f5 f6 37. Rc4 Nxb5 38. axb5 Rxb5 39. Rc7 Ke8 40. Ra7
Rxb3+ 41. Kf4 Rb8 42. gxf6 exf6 43. Ng8 Kf7 44. Nxf6 Kxf6 45. Rxd7 gxf5 46.
Rxd6+ Ke7 47. e5 Rb4+ 48. Kxf5 Rxh4 49. Re6+ Kf7 50. Rf6+ Ke7 51. Re6+ Kf7 52.
Rf6+ Ke7 1/2-1/2

[Event "World Rapid 2022"]
[Site "Almaty KAZ"]
[Date "2022.12.26"]
[Round "5.3"]
[White "Nepomniachtchi, Ian"]
[Black "Giri, Anish"]
[Result "1/2-1/2"]
[WhiteTitle "GM"]
[BlackTitle "GM"]
[WhiteElo "2793"]
[BlackElo "2764"]
[WhiteFideId "4168119"]
[BlackFideId "24116068"]
[EventDate "2022.12.26"]

1. c4 c5 2. Nf3 Nf6 3. Nc3 e6 4. e3 Nc6 5. d4 d5 6. a3 dxc4 7. Bxc4 a6 8. Bd3
cxd4 9. exd4 g6 10. Bg5 Bg7 11. Ne4 h6 12. Bxf6 Bxf6 13. Nxf6+ Qxf6 14. O-O O-O
15. Be4 Bd7 16. Qd2 Kg7 17. Rac1 Rfd8 18. Rc5 Be8 19. Bxc6 Bxc6 20. Ne5 Rd5 21.
Rxd5 Bxd5 22. Rc1 Bc6 23. h3 Rd8 24. Qe3 Rd6 25. Nxc6 bxc6 26. Rc4 a5 27. g3 1/2-1/2

[Event "World Rapid 2022"]
[Site "Almaty KAZ"]
[Date "2022.12.26"]
[Round "5.4"]
[White "Yu, Yangyi"]
[Black "Nihal, Sarin"]
[Result "1/2-1/2"]
[WhiteTitle "GM"]
[BlackTitle "GM"]
[WhiteElo "2728"]
[BlackElo "2670"]
[WhiteFideId "8603820"]
[BlackFideId "25092340"]
[EventDate "2022.12.26"]

1. d4 Nf6 2. c4 e6 3. Nf3 d5 4. Nc3 h6 5. e3 Bd6 6. b3 O-O 7. Qc2 b6 8. Bd3 Bb7
9. cxd5 Nxd5 10. Nxd5 Bxd5 11. e4 Bb4+ 12. Bd2 Bxd2+ 13. Qxd2 Bb7 14. O-O Nd7
15. b4 1/2-1/2

[Event "World Rapid 2022"]
[Site "Almaty KAZ"]
[Date "2022.12.26"]
[Round "5.5"]
[White "Urazayev, Arystanbek"]
[Black "Fedoseev, Vladimir3"]
[Result "0-1"]
[WhiteTitle "IM"]
[BlackTitle "GM"]
[WhiteElo "2465"]
[BlackElo "2688"]
[WhiteFideId "13709810"]
[BlackFideId "24130737"]
[EventDate "2022.12.26"]

1. e4 e6 2. d4 d5 3. e5 c5 4. c3 Nc6 5. Nf3 Qb6 6. Bd3 cxd4 7. O-O Bd7 8. Re1
Nge7 9. h4 a6 10. h5 Rc8 11. a3 g6 12. b4 gxh5 13. Ng5 Ng6 14. Qxh5 Bg7 15. Nf3
dxc3 16. Nxc3 Nd4 17. Bb2 Nf4 18. Qg4 Nxd3 19. Qxg7 Nxf3+ 20. gxf3 Qxf2+ 21. Kh1
Qxf3+ 22. Kg1 Rf8 0-1

[Event "World Rapid 2022"]
[Site "Almaty KAZ"]
[Date "2022.12.26"]
[Round "5.7"]
[White "Predke, Alexandr"]
[Black "Vachier-Lagrave, Maxime"]
[Result "1/2-1/2"]
[WhiteTitle "GM"]
[BlackTitle "GM"]
[WhiteElo "2684"]
[BlackElo "2737"]
[WhiteFideId "24107581"]
[BlackFideId "623539"]
[EventDate "2022.12.26"]

1. Nf3 d5 2. g3 g6 3. Bg2 Bg7 4. d4 Nf6 5. O-O O-O 6. a4 Nc6 7. a5 Bf5 8. Nbd2
Ne4 9. c3 Qd7 10. Qb3 b6 11. axb6 axb6 12. Rxa8 Rxa8 13. Nh4 Nxd2 14. Bxd2 Be6
15. Qc2 Bf6 16. Nf3 Bf5 17. Qc1 Be4 18. Bg5 Bxg5 19. Nxg5 Bxg2 20. Kxg2 Qf5 21.
Re1 h6 22. Nf3 Kg7 23. Nd2 e5 24. e4 Qd7 25. dxe5 Nxe5 26. Qc2 Rd8 27. Nf1 Qc6
28. Re2 Rd7 29. h3 h5 30. Nh2 Nc4 31. b3 Nd6 32. exd5 Qxd5+ 33. Nf3 Nf5 34. Rd2
Qc6 35. Rxd7 Qxd7 36. Qe4 Qd6 37. g4 1/2-1/2

[Event "World Rapid 2022"]
[Site "Almaty KAZ"]
[Date "2022.12.26"]
[Round "5.8"]
[White "Caruana, Fabiano"]
[Black "Shimanov, Aleksandr"]
[Result "1/2-1/2"]
[WhiteTitle "GM"]
[BlackTitle "GM"]
[WhiteElo "2766"]
[BlackElo "2581"]
[WhiteFideId "2020009"]
[BlackFideId "4198603"]
[EventDate "2022.12.26"]

1. e4 c6 2. d4 d5 3. e5 Bf5 4. c4 e6 5. Nc3 Bb4 6. h4 h6 7. cxd5 cxd5 8. g4 Be4
9. f3 Bh7 10. h5 Nc6 11. Bd3 Bxd3 12. Qxd3 Qb6 13. Ne2 Qa6 14. Qxa6 bxa6 15. Bd2
Bxc3 16. Bxc3 Nge7 17. b3 Rc8 18. Kd2 f6 19. exf6 gxf6 20. Rac1 Kf7 21. Rhe1 e5
22. Bb2 Rhd8 23. Ba3 a5 24. Bc5 a4 25. b4 Rb8 26. Rb1 Nc8 27. Ng3 Nb6 28. Nf5
Rh8 29. Kd3 Nd7 30. Bd6 Rb6 31. Bc5 Rbb8 32. Rec1 Ke6 33. b5 Na5 34. Bxa7 Rb7
35. b6 Nc4 36. Ne3 Nxe3 37. Kxe3 Kd6 38. dxe5+ Nxe5 39. Rd1 Rc8 40. Rb5 Rc3+ 41.
Ke2 Rc2+ 42. Rd2 Rxd2+ 43. Kxd2 Nxf3+ 44. Ke3 Ne5 45. Rb4 Kc5 46. a3 Nc4+ 47.
Kd3 Nxa3 48. Rxa4 Nc4 49. Ra1 Nxb6 50. Ke3 Kd6 51. Ra6 Kc5 52. Kf4 Kb5 53. Ra1
Kc4 54. Kf5 d4 55. Kg6 d3 56. Kxh6 d2 57. Bxb6 Rxb6 58. Kg7 Kd3 59. h6 Rb4 60.
Rg1 Rxg4+ 61. Rxg4 d1=Q 62. Rg6 Qa1 63. h7 f5+ 64. Rf6 Qg1+ 65. Kf7 Qh1 66. Kg6
Qg1+ 67. Kf7 Qh1 68. Kg7 Qg1+ 69. Kf7 Qh1 1/2-1/2

[Event "World Rapid 2022"]
[Site "Almaty KAZ"]
[Date "2022.12.26"]
[Round "5.10"]
[White "Artemiev, Vladislav"]
[Black "Mamedov, Rauf"]
[Result "1/2-1/2"]
[WhiteTitle "GM"]
[BlackTitle "GM"]
[WhiteElo "2701"]
[BlackElo "2646"]
[WhiteFideId "24101605"]
[BlackFideId "13401653"]
[EventDate "2022.12.26"]

1. Nf3 Nf6 2. g3 g6 3. Bg2 Bg7 4. d4 O-O 5. O-O d6 6. Nc3 Nbd7 7. a4 e5 8. dxe5
dxe5 9. Nd2 Re8 10. Nc4 h6 11. e4 b6 12. Re1 Ba6 13. Bf1 Nc5 14. Qxd8 Raxd8 15.
f3 Ne6 16. Be3 Bxc4 17. Bxc4 Nd4 18. Bxd4 Rxd4 19. Bb5 Red8 20. a5 Bf8 21. axb6
axb6 22. Kf1 Rb4 23. Ra2 h5 24. h4 Bh6 25. Bd3 c6 26. Rea1 Nd7 27. Ra8 Rxa8 28.
Rxa8+ Kg7 29. b3 Rd4 30. Rc8 Nc5 31. Ke2 Nxd3 32. cxd3 Rb4 33. Rxc6 Rxb3 34. Nd5
Rb2+ 35. Kf1 b5 36. Rb6 Rb3 37. Ke2 Rb2+ 38. Kf1 Rb3 39. Ke2 1/2-1/2

[Event "World Rapid 2022"]
[Site "Almaty KAZ"]
[Date "2022.12.26"]
[Round "5.12"]
[White "Abdusattorov, Nodirbek"]
[Black "Sanal, Vahap"]
[Result "1-0"]
[WhiteTitle "GM"]
[BlackTitle "GM"]
[WhiteElo "2713"]
[BlackElo "2597"]
[WhiteFideId "14204118"]
[BlackFideId "6300545"]
[EventDate "2022.12.26"]

1. e4 e5 2. Nf3 Nc6 3. Nc3 Nf6 4. d4 exd4 5. Nxd4 Bb4 6. Nxc6 bxc6 7. Bd3 d5 8.
exd5 O-O 9. O-O cxd5 10. h3 Rb8 11. Qf3 Rb6 12. Bf4 Bd6 13. b3 Bb7 14. Bxd6 Qxd6
15. Na4 Rb4 16. Qg3 Rf4 17. Nc3 Nh5 18. Qg5 g6 19. Rae1 f6 20. Qh6 a6 21. Re3
Rd4 22. Rfe1 Qf4 23. Qxf4 Nxf4 24. Na4 Rb4 25. Bf1 d4 26. Re8 Bc6 27. Rxf8+ Kxf8
28. Nc5 a5 29. g3 Nd5 30. Ne6+ Kg8 31. Bc4 Nb6 32. Nxd4+ Nxc4 33. Nxc6 1-0

[Event "World Rapid 2022"]
[Site "Almaty KAZ"]
[Date "2022.12.26"]
[Round "5.13"]
[White "Vidit, Santosh Gujrathi"]
[Black "Murzin, Volodar"]
[Result "0-1"]
[WhiteTitle "GM"]
[BlackTitle "GM"]
[WhiteElo "2730"]
[BlackElo "2561"]
[WhiteFideId "5029465"]
[BlackFideId "44155573"]
[EventDate "2022.12.26"]

1. d4 d5 2. c4 c6 3. Nf3 Nf6 4. e3 Bf5 5. Nc3 e6 6. Nh4 Bg6 7. Qb3 Qb6 8. Nxg6
hxg6 9. g3 Nbd7 10. Bg2 Qa6 11. cxd5 exd5 12. Bd2 Bd6 13. O-O-O Qb6 14. f3 O-O-O
15. Qxb6 Nxb6 16. b3 g5 17. Rdf1 g4 18. fxg4 Nxg4 19. Rxf7 Rd7 20. Rf5 g6 21.
Rf3 Rxh2 22. Rxh2 Nxh2 23. Rf6 g5 24. e4 dxe4 25. Nxe4 Ba3+ 26. Kc2 g4 27. b4
Nc4 28. Rf8+ Kc7 29. Bf4+ Kb6 30. Kc3 Kb5 31. Kb3 Rxd4 32. Rf5+ Kb6 33. Rc5 Nb2
34. Kxa3 Nd1 35. Kb3 Nf3 36. Nc3 Rd3 37. Bf1 Nd4+ 38. Ka3 Rxc3+ 39. Rxc3 Nxc3
40. Be3 c5 41. Bd3 cxb4+ 42. Kxb4 Nd5+ 43. Kc4 Nxe3+ 44. Kxd4 Nd1 45. Bc4 Nf2
46. Bd5 Kc7 47. Ke3 Nd1+ 48. Kd2 Nf2 49. Ke2 Nh3 50. Ke3 b5 51. Be6 Kd6 52. Bxg4
Ng5 53. Kf4 Nf7 54. Be2 Kc5 55. Kf5 a5 56. Kf6 Nd6 57. g4 b4 58. Bd1 Ne4+ 59.
Ke5 Nf2 60. Be2 a4 61. g5 b3 62. axb3 a3 63. g6 a2 64. b4+ Kxb4 0-1

[Event "World Rapid 2022"]
[Site "Almaty KAZ"]
[Date "2022.12.26"]
[Round "5.14"]
[White "Maghsoodloo, Parham"]
[Black "Ter-Sahakyan, Samvel"]
[Result "1/2-1/2"]
[WhiteTitle "GM"]
[BlackTitle "GM"]
[WhiteElo "2719"]
[BlackElo "2605"]
[WhiteFideId "12539929"]
[BlackFideId "13302531"]
[EventDate "2022.12.26"]

1. d4 Nf6 2. c4 e6 3. Nc3 d5 4. cxd5 exd5 5. Bg5 c6 6. e3 h6 7. Bh4 Be7 8. Bd3
O-O 9. Nge2 Ne8 10. Bg3 Nd6 11. O-O Re8 12. Qc2 Bf8 13. Rae1 a5 14. Nf4 Na6 15.
a3 Nc7 16. f3 Nc4 17. e4 b5 18. Bf2 b4 19. axb4 axb4 20. Nd1 Ra1 21. exd5 Rxe1
22. Rxe1 Nxd5 23. Nxd5 cxd5 24. Bxc4 dxc4 25. Qxc4 Be6 26. Qd3 Be7 27. Ne3 Rxe1+
28. Bxe1 Bc5 29. Kf2 Qxd4 30. Qxd4 Bxd4 31. Bxb4 Bxb2 1/2-1/2

[Event "World Rapid 2022"]
[Site "Almaty KAZ"]
[Date "2022.12.26"]
[Round "5.15"]
[White "Quparadze, Giga"]
[Black "Svane, Rasmus"]
[Result "1-0"]
[WhiteTitle "GM"]
[BlackTitle "GM"]
[WhiteElo "2470"]
[BlackElo "2622"]
[WhiteFideId "13602250"]
[BlackFideId "4657101"]
[EventDate "2022.12.26"]

1. e4 e5 2. Nf3 Nc6 3. Bb5 a6 4. Ba4 Nf6 5. O-O Be7 6. Re1 b5 7. Bb3 O-O 8. a4
b4 9. a5 d6 10. d3 Be6 11. Nbd2 Bxb3 12. Nxb3 Re8 13. c3 d5 14. exd5 Qxd5 15. c4
Qd6 16. Be3 Ng4 17. Bc5 Qg6 18. h3 Bxc5 19. Nxc5 Nh6 20. d4 e4 21. Nh2 f5 22. d5
Ne5 23. Ne6 Re7 24. Qd4 Nhf7 25. Rad1 Qf6 26. Re3 Ng5 27. f4 Nxe6 28. fxe5 Qf7
29. dxe6 Qxe6 30. Qd5 Rae8 31. Rb3 Qxd5 32. cxd5 Rxe5 33. Rxb4 Rd8 34. Rbd4 Kf7
35. Rc1 Rexd5 36. Rxc7+ Kf6 37. Rc6+ Ke5 38. Rxd5+ Rxd5 39. Rxa6 Rd1+ 40. Nf1 e3
41. Ra8 Kf6 42. Re8 f4 43. h4 h6 44. h5 Ra1 45. g3 Rxa5 46. gxf4 Rxh5 47. Nxe3
Rb5 48. Nd1 Rb4 49. Kg2 Rxf4 50. Rb8 Rd4 51. Ne3 h5 52. b4 Kg5 53. Kf3 Rf4+ 54.
Ke2 h4 55. Rb5+ Kg6 56. Nd5 Rf7 57. Rc5 Kh5 58. Nf6+ Kg6 59. Ng4 Rf4 60. Ne5+
Kf6 61. Nd3 Re4+ 62. Kf3 Rd4 63. Ke3 Rd8 64. b5 h3 65. Nf2 Rh8 66. Kf3 Ke6 67.
Kg3 h2 68. Kg2 Rh4 69. Kh1 Kd6 70. Rc6+ Kd5 71. Nd1 Ke5 72. Nc3 g5 73. b6 Rh7
74. Rc7 Rh8 75. b7 Rb8 76. Kxh2 Kf4 77. Kg2 g4 78. Na4 g3 79. Nc5 Re8 80. Ne6+
Kg4 81. Rc4+ 1-0

[Event "World Rapid 2022"]
[Site "Almaty KAZ"]
[Date "2022.12.26"]
[Round "5.16"]
[White "Sarana, Alexey"]
[Black "Vokhidov, Shamsiddin"]
[Result "1-0"]
[WhiteTitle "GM"]
[BlackTitle "GM"]
[WhiteElo "2668"]
[BlackElo "2579"]
[WhiteFideId "24133795"]
[BlackFideId "14204223"]
[EventDate "2022.12.26"]

1. d4 Nf6 2. c4 e6 3. Nc3 Bb4 4. e3 O-O 5. Bd3 d5 6. a3 dxc4 7. Bxc4 Bd6 8. Nf3
Nc6 9. O-O e5 10. h3 h6 11. Qc2 Re8 12. Rd1 Qe7 13. Nd5 Nxd5 14. Bxd5 exd4 15.
Bxc6 bxc6 16. Nxd4 c5 17. Nf5 Qf6 18. Nxd6 cxd6 19. f3 Rb8 20. e4 Bxh3 21. gxh3
Qxf3 22. Qd3 Qh5 23. Re1 Re6 24. b4 c4 25. Qe3 Rbe8 26. Bb2 Rxe4 27. Qg3 Rxe1+
28. Rxe1 Rxe1+ 29. Qxe1 Qg6+ 30. Kh1 Qd3 31. Kg2 d5 32. Qe5 f6 33. Qd4 Qg6+ 34.
Kf2 Qc2+ 35. Ke3 Qg2 36. h4 a6 37. a4 Kh7 38. b5 axb5 39. axb5 Qg3+ 40. Kd2 Qh2+
41. Kc3 Qd6 42. b6 Qc6 43. Kc2 Kg8 44. h5 Kf7 45. Bc3 Ke8 46. Kd2 Kd8 47. Bb4
Kc8 48. Qc5 Kb7 49. Qxc6+ Kxc6 50. Bf8 Kxb6 51. Bxg7 Kc6 52. Bxh6 Kd7 53. Bf4
Ke6 54. h6 Kf7 55. Kc3 Kg6 56. Kd4 Kh7 57. Kxd5 c3 58. Kd4 c2 59. Ke4 1-0

[Event "World Rapid 2022"]
[Site "Almaty KAZ"]
[Date "2022.12.26"]
[Round "5.17"]
[White "Tabatabaei, M. Amin"]
[Black "Grischuk, Alexander"]
[Result "0-1"]
[WhiteTitle "GM"]
[BlackTitle "GM"]
[WhiteElo "2660"]
[BlackElo "2745"]
[WhiteFideId "12521213"]
[BlackFideId "4126025"]
[EventDate "2022.12.26"]

1. e4 e6 2. d4 d5 3. e5 c5 4. c3 Nc6 5. Nf3 Qb6 6. a3 c4 7. Nbd2 Na5 8. Be2 Bd7
9. O-O Ne7 10. Qc2 Nc8 11. a4 Be7 12. Re1 a6 13. h4 h6 14. h5 Na7 15. Bf1 N7c6
16. Qb1 Qc7 17. b4 cxb3 18. Ba3 Bxa3 19. Rxa3 O-O 20. Nxb3 Nxb3 21. Qxb3 f6 22.
c4 Na5 23. Qb4 Nxc4 24. Bxc4 a5 25. Qd2 dxc4 26. exf6 Rxf6 27. Ne5 Raf8 28. Rg3
Bc6 29. Ng4 Rxf2 30. Qe3 R2f4 31. Qxe6+ Kh7 32. d5 Be8 33. Ne5 Bxh5 34. Ng6 R8f6
35. Qe7 Qb6+ 36. Ree3 Bxg6 37. d6 Qxd6 0-1

[Event "World Rapid 2022"]
[Site "Almaty KAZ"]
[Date "2022.12.26"]
[Round "5.18"]
[White "Rapport, Richard"]
[Black "Ponkratov, Pavel"]
[Result "1-0"]
[WhiteTitle "GM"]
[BlackTitle "GM"]
[WhiteElo "2740"]
[BlackElo "2577"]
[WhiteFideId "738590"]
[BlackFideId "4157800"]
[EventDate "2022.12.26"]

1. e4 e6 2. d3 d5 3. Nd2 Nf6 4. Ngf3 Nc6 5. a3 a5 6. e5 Nd7 7. d4 f6 8. exf6
Qxf6 9. c3 Bd6 10. Bb5 O-O 11. O-O e5 12. Qb3 Ne7 13. Ne4 Qf5 14. Ng3 Qf6 15.
Bg5 Qe6 16. Bxe7 Bxe7 17. Bxd7 Qxd7 18. Nxe5 Qd8 19. Rae1 Ra6 20. f4 Raf6 21. f5
c5 22. Ng4 Rb6 23. Qc2 cxd4 24. cxd4 Bh4 25. Re5 Rc6 26. Qb3 Qb6 27. Qxd5+ Kh8
28. Ne4 Rd8 29. Kh1 h5 30. Qf7 1-0

[Event "World Rapid 2022"]
[Site "Almaty KAZ"]
[Date "2022.12.26"]
[Round "5.19"]
[White "Esipenko, Andrey"]
[Black "Ghaem Maghami, Ehsan"]
[Result "1-0"]
[WhiteTitle "GM"]
[BlackTitle "GM"]
[WhiteElo "2678"]
[BlackElo "2490"]
[WhiteFideId "24175439"]
[BlackFideId "12500739"]
[EventDate "2022.12.26"]

1. e4 c6 2. d4 d5 3. e5 Bf5 4. h4 h5 5. Bd3 Bxd3 6. Qxd3 e6 7. Nf3 Nd7 8. O-O
Be7 9. g3 Nh6 10. Bxh6 Rxh6 11. c4 dxc4 12. Qxc4 Rg6 13. Qd3 Rg4 14. Kh2 c5 15.
d5 exd5 16. Qxd5 Qb6 17. Nc3 Qc6 18. e6 Qxe6 19. Qxh5 Rg6 20. Nd5 1-0

[Event "World Rapid 2022"]
[Site "Almaty KAZ"]
[Date "2022.12.26"]
[Round "5.20"]
[White "Yakubboev, Nodirbek"]
[Black "Matlakov, Maxim"]
[Result "1-0"]
[WhiteTitle "GM"]
[BlackTitle "GM"]
[WhiteElo "2647"]
[BlackElo "2662"]
[WhiteFideId "14203987"]
[BlackFideId "4168003"]
[EventDate "2022.12.26"]

1. c4 e6 2. Nf3 d5 3. g3 Nf6 4. Bg2 dxc4 5. Qa4+ Nbd7 6. Qxc4 a6 7. a4 b5 8. Qc2
Bb7 9. Nc3 b4 10. Nd1 Be7 11. O-O O-O 12. b3 c5 13. Bb2 Rc8 14. d3 Nb8 15. Ne3
Nc6 16. Nc4 Nd5 17. e4 Nb6 18. Rad1 a5 19. Qc1 Re8 20. h4 h6 21. Qf4 Nxc4 22.
dxc4 Qc7 23. Ne5 Nxe5 24. Bxe5 Qc6 25. Qg4 f6 26. Bf4 Kh8 27. Qg6 Rcd8 28. h5 e5
29. Be3 Qe6 30. Rd5 Bxd5 31. exd5 Qg8 32. Be4 Bf8 33. Qf5 Bd6 34. Kg2 Re7 35.
Rh1 Rf8 36. Rh4 1-0